Resonate : present visual stories that transform audiences (Record no. 11785)

000 -LEADER
fixed length control field 01340cam a22003014a 4500
001 - CONTROL NUMBER
control field 16608778
005 - DATE AND TIME OF LATEST TRANSACTION
control field 20170105102348.0
008 - FIXED-LENGTH DATA ELEMENTS--GENERAL INFORMATION
fixed length control field 110112s2010 njua b 001 0 eng d
010 ## - LIBRARY OF CONGRESS CONTROL NUMBER
LC control number 2010284662
015 ## - NATIONAL BIBLIOGRAPHY NUMBER
National bibliography number GBB075307
Source bnb
016 7# - NATIONAL BIBLIOGRAPHIC AGENCY CONTROL NUMBER
Record control number 015583457
Source Uk
020 ## - INTERNATIONAL STANDARD BOOK NUMBER
International Standard Book Number 9780470632017 (pbk.)
020 ## - INTERNATIONAL STANDARD BOOK NUMBER
International Standard Book Number 0470632011 (pbk.)
035 ## - SYSTEM CONTROL NUMBER
System control number (OCoLC)ocn645673704
040 ## - CATALOGING SOURCE
Original cataloging agency UKM
Transcribing agency UKM
Modifying agency YDXCP
-- C#P
-- BTCTA
-- YBM
-- VP@
-- CDX
-- DLC
042 ## - AUTHENTICATION CODE
Authentication code lccopycat
082 04 - DEWEY DECIMAL CLASSIFICATION NUMBER
Classification number 658.452
Edition number 22
100 1# - MAIN ENTRY--PERSONAL NAME
Personal name Duarte, Nancy.
245 10 - TITLE STATEMENT
Title Resonate : present visual stories that transform audiences
Remainder of title present visual stories that transform audiences
Statement of responsibility, etc. Nancy Duarte, author of slide:ology.
260 ## - PUBLICATION, DISTRIBUTION, ETC.
Place of publication, distribution, etc. Hoboken, N.J. :
Name of publisher, distributor, etc. Wiley,
Date of publication, distribution, etc. c2010.
300 ## - PHYSICAL DESCRIPTION
Extent xxi, 248 p. :
Other physical details col. ill. ;
Dimensions 23 cm.
504 ## - BIBLIOGRAPHY, ETC. NOTE
Bibliography, etc. note Includes bibliographical references (p. 234-236) and index.
505 0# - FORMATTED CONTENTS NOTE
Formatted contents note Why resonate? -- Lessons from myths and movies -- Get to know the hero -- Define the journey -- Create meaningful content -- Structure reveals insights -- Deliver something they'll always remember -- There's always room to improve -- Change your world -- Inspiration is everywhere.
650 #0 - SUBJECT ADDED ENTRY--TOPICAL TERM
Topical term or geographic name entry element Business presentations.
906 ## - LOCAL DATA ELEMENT F, LDF (RLIN)
a 7
b cbc
c copycat
d 2
e ncip
f 20
g y-gencatlg
942 ## - ADDED ENTRY ELEMENTS (KOHA)
Source of classification or shelving scheme
Koha item type Book
Holdings
Withdrawn status Lost status Damaged status Not for loan Collection code Permanent Location Current Location Shelving location Date acquired Source of acquisition Cost, normal purchase price Total Checkouts Full call number Barcode Date last seen Price effective from Koha item type
          Central Library (CL) Central Library (CL) General Stacks 04/09/2013 Multi-Line Books 2123.65   658.452 DUA SEECS012190 04/18/2013 04/18/2013 Book
© 2023 Central Library, National University of Sciences and Technology. All Rights Reserved.